Espèces d'oiseaux - Statistiques

Statistiques générales
  • Ce quiz a été pris 122 fois
  • Le résultat moyen est 27 sur 131
Statistiques - réponses
Par images Réponse % Correct
Aigle royal
81%
Canard colvert
67%
Pygargue à tête blanche
59%
Faucon pèlerin
52%
Pigeon ramier
51%
Cygne noir
47%
Flamant rose
45%
Buse variable
44%
Merle noir
42%
Mésange charbonnière
42%
Pic vert
42%
Corneille noire
41%
Macareux moine
40%
Pie bavarde
40%
Tourterelle turque
40%
Chouette hulotte
38%
Cigogne blanche
38%
Faucon crécerelle
38%
Gypaète barbu
38%
Manchot empereur
38%
Mouette rieuse
38%
Oie cendrée
37%
Pic épeiche
37%
Condor des Andes
36%
Cygne tuberculé
36%
Casoar à casque
34%
Ibis rouge
34%
Moineau domestique
34%
Martinet noir
33%
Pigeon biset
33%
Goéland argenté
32%
Grand corbeau
32%
Grand cormoran
32%
Pinson des arbres
32%
Chardonneret élégant
30%
Cigogne noire
30%
Epervier d'Europe
30%
Hibou grand duc
30%
Martin-pêcheur dEurope
30%
Ara rouge
29%
Hirondelle rustique
29%
Grive musicienne
27%
Marabout d'Afrique
26%
Pic noir
26%
Rouge-gorge familier
26%
Troglodyte mignon
26%
Bouvreuil pivoine
25%
Emeu d'Australie
23%
Grue cendrée
23%
Hirondelle de fenêtre
23%
Moineau friquet
23%
Paon bleu
23%
Autruche dAfrique
22%
Effraie des clochers
22%
Toucan toco
22%
Alouette des champs
21%
Grue du Japon
21%
Kiwi austral
21%
Pélican blanc
21%
Ibis sacré
19%
Pélican frisé
19%
Rougequeue noir
19%
Balbuzard pêcheur
18%
Ibis chauve
18%
Manchot royal
18%
Messager sagittaire
18%
Petit pingouin
18%
Hirondelle de rivage
16%
Urubu à tête rouge
16%
Dendrocygne fauve
15%
Martin-chasseur géant
15%
Mouette tridactyle
15%
Nandou d'Amérique
15%
Poule domestique
15%
Sarcoramphe roi
15%
Albatros hurleur
14%
Flamant nain
14%
Gorfou sauteur
14%
Guillemot de Troïl
14%
Perruche ondulée
14%
Pintade de Numidie
14%
Hoazin huppé
12%
Mergule nain
12%
Cormoran huppé
11%
Flamant des Caraïbes
11%
Outarde canepetière
11%
Pélican brun
11%
Cacatoès rosalbin
10%
Colibri d'Anna
10%
Merle à plastron
10%
Autruche de Somalie
8%
Cacatoès noir
8%
Faucon gerfaut
8%
Jabiru d'Amérique
8%
Perdrix bartavelle
8%
Plongeon arctique
8%
Plongeon huard
8%
Toucan ariel
8%
Canaroie semi-palmée
7%
Colibri à gorge rubis
7%
Martin-pêcheur pie
7%
Nandou de Darwin
7%
Nicobar à camail
7%
Outarde kori
7%
Quetzal resplendissant
7%
Albatros à sourcils noirs
5%
Colibri d'Helena
5%
Crécerelle dAmérique
5%
Dronte de Maurice
5%
Martinet de Sibérie
5%
Martinet épineux
5%
Cochevis huppé
4%
Colibri d'Allen
4%
Cormoran vigua
4%
Effraie dAmerique
4%
Gobe-mouche gris
4%
Moineau soulcie
4%
Colibri de Rivoli
3%
Inséparable rosegorge
3%
Martin-pêcheur géant
3%
Rossignol philomèle
3%
Toucanet émeraude
3%
Troglodyte des marais
3%
Trogon narina
3%
Albatros à queue courte
1%
Effraie ombrée
1%
Outarde houbara
1%
Salangane à croupion blanc
1%
Troglodyte des canyons
1%
Trogon à queue noire
1%
Trogon à tête noire
1%
Aucun quiz correspondant
Distribution des résultats
% des personnes avec chaque résultat
Percentile par nombre de réponses
Votre historique - résultats
Vous n’avez pas pris ce quiz